000 00615cam a22002293a 4500
001 19462
003 PGUSA
005 20140828083419.0
008 061004s2006||||xxu|||||s|||||000 1 eng d
040 _aPGUSA
_beng
042 _adc
050 4 _aPS
100 1 _aLynde, Francis,
_d1856-1930
245 1 4 _aThe Price
_h[electronic resource] /
_cFrancis Lynde
260 _bProject Gutenberg,
_c2006
506 _aPublic domain in the USA.
516 _aElectronic text
653 _aCriminals -- Fiction
830 0 _aProject Gutenberg
_v19462
856 4 0 _uhttp://www.gutenberg.org/ebooks/19462
942 _cEB
999 _c248717
_d248717